Teória hier a jej aplikácia v praxi pri rozhodovaní firiem bakalárska práca

Na minha lista:
Detalhes bibliográficos
Autor principal: Šimoničová, Barbora
Autor Corporativo: Národohospodárska fakulta EU. Katedra ekonómie
Outros Autores: Novák, Marcel, 1979-
Formato: Livro
Idioma:eslovaco
Publicado em: Bratislava 2015
Tags: Adicionar Tag
Sem tags, seja o primeiro a adicionar uma tag!

MARC

LEADER 00000nbm a2200000 4500
001 0204939
005 20161212094827.2
041 0 |a slo 
044 |a SK 
245 1 0 |a Teória hier a jej aplikácia v praxi pri rozhodovaní firiem  |b bakalárska práca  |c Barbora Šimoničová ; školiteľ: Marcel Novák 
264 1 |a Bratislava  |c 2015 
300 |a 47 s. 
100 1 |a Šimoničová, Barbora 
700 1 |a Novák, Marcel, 1979- 
710 2 |a Národohospodárska fakulta EU. Katedra ekonómie